| 000 | 02070cam a2200337 a 4500 | ||
|---|---|---|---|
| 001 | 15109856 | ||
| 003 | NUST | ||
| 005 | 20220527100521.0 | ||
| 008 | 071212s2008 cau 000 1 eng | ||
| 010 | _a 2007050806 | ||
| 020 | _a9781596922891 | ||
| 020 | _a1596922893 | ||
| 035 | _a(OCoLC)ocn183928645 | ||
| 038 | _aArshad | ||
| 040 |
_aDLC _cDLC _dYDXCP _dBAKER _dBTCTA _dC#P _dBWX _dUPZ _dVP@ _dCQU _dDLC |
||
| 050 | 0 | 0 |
_aPS3552.A3613 _bP46 2008 |
| 082 | 0 | 0 |
_a813.54 _bBAH |
| 100 | 1 |
_aBahr, Howard, _d1946- _97961 |
|
| 245 | 1 | 0 |
_aPelican Road : _ba novel / _cby Howard Bahr. |
| 260 |
_aSan Francisco, CA : _bMacAdam Cage, _c2008. |
||
| 300 |
_a299 p. ; _c24 cm. |
||
| 520 | _aChristmas Eve, 1940. On the Pelican Road, an isolated stretch of railway between Meridian, Mississippi and New Orleans, two trains travel toward one another through the snow. A.P. Dunn, engineer aboard the 4512, a southbound freight, can remember every detail of the last trip he made in the snow, in 1923. What he can't recall are the events of a few hours ago: where he ate his breakfast, how he got the troublesome gash. On the northbound Silver Star, a luxury passenger train packed with returning college students and gift-bearing families, brakeman Artemus Kane has his own memories to contend with. Memories of French trenches and German snipers, of a failed marriage, of a too-short layover spent with Anna Rose Dangerfield, the brilliant and lonely woman he has just left behind in the Crescent City.--From publisher description. | ||
| 563 | _aHBK | ||
| 650 | 0 |
_aRailroads _xEmployees _vFiction. _97962 |
|
| 650 | 0 |
_aRailroads _xMaintenance and repair _vFiction. _97963 |
|
| 856 | 4 | 2 |
_3Contributor biographical information _uhttp://www.loc.gov/catdir/enhancements/fy0917/2007050806-b.html |
| 856 | 4 | 2 |
_3Publisher description _uhttp://www.loc.gov/catdir/enhancements/fy0917/2007050806-d.html |
| 906 |
_a7 _bcbc _corignew _d1 _eecip _f20 _gy-gencatlg |
||
| 942 |
_2ddc _cBK |
||
| 999 |
_c590010 _d590010 |
||